Statistics for Pedro Pascal Movies

Click here to take the quiz!

General Stats

  • This quiz has been taken 33 times
    (29 since last reset)
  • The average score is 7 of 21

Answer Stats

YearMovie% Correct
2011Wonder Woman
80%
2017Kingsman: The Golden Circle
68%
2022The Unbearable Weight of Massive Talent
64%
2022The Bubble
60%
2020We Can Be Heroes
56%
2018The Equalizer 2
52%
2019Triple Frontier
52%
2020Wonder Woman 1984
52%
2018Prospect
40%
2016The Great Wall
40%
2018If Beale Street Could Talk
28%
2008I Am That Girl
20%
2011Sweet Little Lies
20%
2011Burn Notice: The Fall of Sam Axe
16%
2011The Adjustment Bureau
16%
2001Earth V.S. the Spider
12%
2015Sweets
12%
2013The Sixth Gun
12%
TBDTropico
12%
2015Exposed
8%
2005Sisters
4%

Score Distribution

Percentile by Number Answered

Percent of People with Each Score

Your Score History

You have not taken this quiz since the last reset